|
|
|
|
| LEADER |
00000nam2a2200000 4500 |
| 001 |
337138 |
| 005 |
20231101031848.0 |
| 035 |
|
|
|a (RuTPU)RU\TPU\book\363606
|
| 035 |
|
|
|a RU\TPU\book\363602
|
| 090 |
|
|
|a 337138
|
| 100 |
|
|
|a 20171031d1899 k y0rusy50 ca
|
| 101 |
0 |
|
|a rus
|
| 102 |
|
|
|a RU
|
| 105 |
|
|
|a a z 001zy
|
| 200 |
1 |
|
|a Ч. 2. Магнетизм, электромагнетизм, электродинамика и индукция
|
| 205 |
|
|
|a 2-е доп. изд.
|
| 210 |
|
|
|d 1899
|
| 215 |
|
|
|a XII, 679 с.
|c ил.
|
| 320 |
|
|
|a Алф.-предм. указ.: 661 с.
|
| 461 |
|
1 |
|0 (RuTPU)RU\TPU\book\363601
|t Основания учения об электрических и магнитных явлениях
|f И. И. Боргман
|v Ч. 2. Магнетизм, электромагнетизм, электродинамика и индукция
|d 1897-1899
|
| 610 |
1 |
|
|a электрический ток
|
| 610 |
1 |
|
|a магнитное поле
|
| 610 |
1 |
|
|a магнитный потенциал
|
| 610 |
1 |
|
|a теорема Гаусса
|
| 610 |
1 |
|
|a магнитная индукция
|
| 610 |
1 |
|
|a магнитный поток
|
| 610 |
1 |
|
|a способ Гопкинсона
|
| 610 |
1 |
|
|a способ Дюбуа
|
| 610 |
1 |
|
|a электродинамика
|
| 610 |
1 |
|
|a электромагнетизм
|
| 610 |
1 |
|
|a гальванометры
|
| 610 |
1 |
|
|a катушка Румкорфа
|
| 610 |
1 |
|
|a способ Максвелла
|
| 801 |
|
1 |
|a RU
|b 63413507
|c 20171031
|
| 801 |
|
2 |
|a RU
|b 63413507
|c 20171102
|g RCR
|
| 942 |
|
|
|c BK
|